Normal view
MARC view
- الاقتصاد-طرق تدريس-مناهج
Entry Topical Term
001 - CONTROL NUMBER
- control field: 28126
003 - CONTROL NUMBER IDENTIFIER
- control field: JO-AjAnu
005 - DATE AND TIME OF LATEST TRANSACTION
- control field: 20230606074753.0
008 - FIXED-LENGTH DATA ELEMENTS
- fixed length control field: 230606|| aca||aabn | a|a d
040 ## - CATALOGING SOURCE
- Original cataloging agency: JO-AjAnu
- Transcribing agency: JO-AjAnu
150 ## - HEADING--TOPICAL TERM
- Topical term or geographic name entry element: الاقتصاد-طرق تدريس-مناهج
670 ## - SOURCE DATA FOUND
- Source citation: Work cat.: (JO-AjAnu)14437: عبدالقوي،اشرف بهجات ؛مراجعة مصطفى عبدالسميع محمد, author 28125, تدريس الاقتصاد المنهج والطريقة